Tenisistki polskiego pochodzenia - Statystyki

Ogólne statystyki
  • Ten quiz został rozwiązany 85 razy
  • Średni wynik to 4 z 8
Statystyki odpowiedzi
Obrazkowy Odpowiedź % Poprawnych
Jasmine Paolini
95%
Caroline Wozniacki
91%
Angelique Kerber
71%
Sabine Lisicki
44%
Gabriela Dabrowski
39%
Samantha Stosur
35%
Tatjana Maria
29%
Olivia Gadecki
18%
Nie znaleziono quizów pasujących do podanych kryteriów
Rozkład punktacji
Procent ludzi z każdym wynikiem
Percentyl według liczby udzielonych odpowiedzi
Twoja historia wyników
Nie rozwiązałeś tego quizu